A Study of Selected Texts of Bhagavadgita: A Dalit Perspective (Record no. 23202)

MARC details
000 -LEADER
fixed length control field 00340nam a22001217a 4500
082 ## - DEWEY DECIMAL CLASSIFICATION NUMBER
Classification number 294.5 PRA
100 ## - MAIN ENTRY--AUTHOR NAME
Author name Boni, Pravin Kumar
245 ## - TITLE STATEMENT
Title A Study of Selected Texts of Bhagavadgita: A Dalit Perspective
260 ## - PUBLICATION, DISTRIBUTION, ETC. (IMPRINT)
Place of publication Henry Martyn Institute, Hyderabad
Name of publisher Henry Martyn Institute
Year of publication 2021
300 ## - PHYSICAL DESCRIPTION
Number of Pages 93
650 ## - SUBJECT ADDED ENTRY--TOPICAL TERM
Topical Term Hinduism
942 ## - ADDED ENTRY ELEMENTS (KOHA)
Koha item type Thesis
Holdings
Collection code Home library Current library Shelving location Date acquired Source of acquisition Full call number Accession Number Koha item type
Reference Henry Martyn Institute Library Henry Martyn Institute Library Reference 12/01/2021 student 294.5 PRA 11-4551 Thesis
                   Copyright © 2026 | Henry Martyn Institute | Hyderabad | TS-500052 | INDIA | Implemented by hmi.edu.in
Hit-Count:

Powered by Koha